02130 a2200277 4500001000700000020001800007040003200025090000800057100001900065245004700084250001000131260001600141300002600157362000900183490002200192520131000214650003101524650001701555650001101572650001201583650002101595942000701616952010401623952010601727999001901833120661 a9788582356111 cEscola Canadense de Niteroi aPIM aPimenta, Paula10aFazendo meu filme: Fani na terra da rainha a2.ed. aSão Paulo a328 p.c1 x 14 x 2 cm0 a20220 aFazendo meu filme aDepois de conquistar milhares de leitores e leitoras, a nossa doce e querida Fani volta ainda mais divertida e encantadora. O segundo volume do livro Fazendo meu filme apresenta as aventuras de Estefânia Castelino Belluz na terra da rainha. Sim, na Inglaterra! Longe do grande amor, ela passa por momentos de alegria, dor, saudade, tristeza e, mais do que isso, pode conhecer melhor a si mesma. Sem deixar de lado suas amigas inseparáveis e sua família, ela consegue, no outro continente, viver momentos cheios de suspense, revelações, aventuras, descobertas e emoções fortíssimas! Feliz, triste, preocupada, ansiosa, temerosa, otimista, insegura, cheia de si, apaixonada, desiludida, seja como estiver, Fani mostra a cada página deste livro que não é mais aquela menina tão frágil que muitas vezes se escondia por trás de sua timidez. Mais do que a história de uma adolescente que se encoraja a fazer intercâmbio e morar fora por um ano, este livro fala de um grande e delicado amor. Em meio a uma avalanche de sentimentos e acontecimentos surpreendentes, ela consegue viver intensamente na Inglaterra, conhecendo pessoas que conquistam seu coração e sua amizade para toda a vida. Porém, o melhor filme de sua vida ainda está para ser contado, ou melhor, vivido… 4aLiteratura Infanto Juvenil 4aVida Escolar 4aSonhos 4aAmizade 4aVida Adolescente cBK 00104070a80.1b80.1d2024-02-09l2oPIMpA29633r2024-04-10 15:31:46s2024-04-09w2024-02-09yBK 00102ddc4070a57.2b57.2d2024-05-16l0pnt585r2024-05-16 11:23:52w2024-05-16yBKzestante redu c120661d120661